000 00556nam a2200181Ia 4500
003 OSt
005 20260331105202.0
008 211028s2010 xx 000 0 und d
040 _cAIMIT LIBRARY
041 _aeng
082 _a658.8 KARR
100 _aKarat, Ronella Priyanka;Wright, Rowena.
_g816107
_96685
245 _aTo ananlyse the present and future demand of clay tiles products in Mangalore with reference to Rego and sons /
260 _bWright, Rowena
_c2010
600 _aMarketing
_96686
650 _aMarketing
_96687
942 _2ddc
_cPRO
999 _c218320
_d218320